| 000 | 01130nam a22002537a 4500 | ||
|---|---|---|---|
| 001 | BRCA_9336 | ||
| 003 | FranzMayer | ||
| 005 | 20230918120853.0 | ||
| 008 | 230825b |||||||| |||| 00| 0 eng d | ||
| 020 | _a097763681X | ||
| 040 |
_aMFM _bespañol _cMFM |
||
| 050 | 0 |
_aN6465.I4 _b.V43 2006 |
|
| 110 | 1 |
_4Responsable _aVero Beach, Florida _bVero Beach Museum of Art _929191 |
|
| 240 |
_aMasters of lights _hSelections of American Impressionism from the Manoogian Collection _lInglés |
||
| 245 | 0 |
_aMasters of lights _bSelections of American Impressionism from the Manoogian Collection |
|
| 260 |
_aFlorida, EE.UU, _bVero Beach Museum of Art _c2006 |
||
| 300 |
_a136 p _bIlustraciones a color _c30 cm |
||
| 500 | _aAnexo 1 | ||
| 505 | _aTexto en: inglésIncluye índice temáticoIncluye bibliografía pp:131-136Dirigido a: museógrafos, artistas visuales o historiadores de arte. | ||
| 650 | 1 |
_2Artes visuales _aHistoria del arte _vArte moderno _929192 |
|
| 651 | 2 |
_2Artes del siglo XIX _aCorrientes artísticas _vImpresionismo _xManoogian Collection _929193 |
|
| 700 | 1 |
_4Edit. _aGedeon, Lucinda H. _929194 |
|
| 942 |
_2lcc _cB |
||
| 999 |
_c10958 _d10958 |
||